HIDDEN ATTRACTION (Record no. 15119)
[ view plain ]
| 000 -LEADER | |
|---|---|
| fixed length control field | 00290nam a22001337a 4500 |
| 008 - FIXED-LENGTH DATA ELEMENTS--GENERAL INFORMATION | |
| fixed length control field | 170531b xxu||||| |||| 00| 0 eng d |
| 020 ## - INTERNATIONAL STANDARD BOOK NUMBER | |
| International Standard Book Number | 9780195106558 |
| 041 ## - LANGUAGE CODE | |
| Language code of text/sound track or separate title | eng |
| 080 ## - UNIVERSAL DECIMAL CLASSIFICATION NUMBER | |
| Universal Decimal Classification number | 93 |
| 100 ## - Rafti | |
| Rafti | 17 |
| 101 ## - Shkurtesa | |
| Shkurtesa | SHH |
| 245 ## - TITLE STATEMENT | |
| Title | HIDDEN ATTRACTION |
| Statement of responsibility, etc | VERSCHUUR, G.L |
| 942 ## - ADDED ENTRY ELEMENTS (KOHA) | |
| Source of classification or shelving scheme | |
| Item type | Books |
No items available.